000
00238nam a22000857a 4500
008
160928b xxu||||| |||| 00| 0 eng d
100
_9
817
_a
Balasubramaniam.P.
245
_a
Activity Book bridges-1
260
_a
New Delhi
_b
Frank Publications
_c
2012
999
_c
3471
_d
3471